000 00209nam a2200097Ia 4500
005 20251222114405.0
008 251222s1900||||xx |||||||||||||| ||spa||
082 _aDVD0130/D89
245 0 _aMaverick:
942 _cDVD
999 _c1785
_d1785